Introduction to autonomous mobile robots, 2/e (Record no. 326618)

000 -LEADER
fixed length control field 00445 a2200157 4500
001 - CONTROL NUMBER
control field 91545
082 ## - DEWEY DECIMAL CLASSIFICATION NUMBER
Classification number 629.8932 SIE
090 ## - LOCALLY ASSIGNED LC-TYPE CALL NUMBER (OCLC); LOCAL CALL NUMBER (RLIN)
-- 43684
-- 43683
100 ## - MAIN ENTRY--PERSONAL NAME
Personal name Roland Siegwart; Illah R. Nourbakhsh and Davide Scaramuzza
245 ## - TITLE STATEMENT
Title Introduction to autonomous mobile robots, 2/e
250 ## - EDITION STATEMENT
Edition statement 2
260 ## - PUBLICATION, DISTRIBUTION, ETC.
Place of publication, distribution, etc. Cambridge
Name of publisher, distributor, etc. MIT Press
Date of publication, distribution, etc. 2011
300 ## - PHYSICAL DESCRIPTION
Extent xvi, 453 p.
Other physical details Hb
500 ## - GENERAL NOTE
General note Avionics
740 ## - ADDED ENTRY--UNCONTROLLED RELATED/ANALYTICAL TITLE
Uncontrolled related/analytical title mobile robots; autonomous robots
942 ## - ADDED ENTRY ELEMENTS (KOHA)
Institution code [OBSOLETE] CAE NUST
Call number prefix 629.8932 SIE
Holdings
Withdrawn status Lost status Damaged status Not for loan Collection code Permanent Location Current Location Date acquired Total Checkouts Full call number Barcode Date last seen Price effective from Koha item type
          College of Aeronautical Engineering (CAE) College of Aeronautical Engineering (CAE) 04/03/2017   629.8932 SIE CAE87125 04/05/2017 04/05/2017 Book
© 2023 Central Library, National University of Sciences and Technology. All Rights Reserved.